Tilastot visalle Satunnaisia peräkkäisiä Oseanian valtioita kartalla

Klikkaa tästä pelataksesi tätä visaa!

Yleistilastot

  • Tätä visaa on pelattu 205 kertaa
  • Keskiarvotulos 12 / 14

Vastaukset kartalla

Vastauksille on annettu kartalla punavihreä väri sen mukaan, kuinka moni on saanut sen oikein.
 

Vastaustilastot

Valtio% Oikein
Australia
94%
Tonga
91%
Uusi-Seelanti
91%
Kiribati
90%
Mikronesia
89%
Papua-Uusi-Guinea
89%
Tuvalu
89%
Vanuatu
89%
Samoa
88%
Nauru
87%
Palau
87%
Salomonsaaret
87%
Marshallinsaaret
85%
Fidži
84%

Tulosjakauma

Persentiili vastausten määrän mukaan

Jokaisen tuloksen saaneiden osuus

Tuloshistoriasi

Et ole pelannut tätä visaa